Monthly labor review

Uložené v:
Podrobná bibliografia
Médium: Seriál
Jazyk:English
Vydavateľské údaje: Washington U.S. Department of labor 1984
Tagy: Pridať tag
Žiadne tagy, Buďte prvý, kto otaguje tento záznam!

MARC

LEADER 00000nas2a2200000 4500
001 s107227
005 20250730114159.3
041 0 |a eng 
044 |a US 
245 1 0 |a Monthly labor review 
264 1 |a Washington  |b U.S. Department of labor  |c 1984 
300 |a 2 zv. 
773 0 |w eu_un_cat*s120959